Memory test Quiz Stats

Quiz not verified by Sporcle

Challenge
Share
Tweet
Embed
Score 0/20 Timer 02:00
0 Plays Today
Question Answer Wrong Answers
remember the word RED got it
100%
-
0%
-
0%
-
0%
remember the word JUMP got it
100%
-
0%
-
0%
-
0%
remember the word IS got it
100%
-
0%
-
0%
-
0%
remember the word ELEPHANT got it
99%
-
1%
-
0%
-
0%
remember the word JAM got it
99%
-
1%
-
0%
-
0%
remember the word HELLO got it
99%
-
0%
-
1%
-
0%
remember the word NO got it
99%
-
0%
-
0%
-
1%
remember the word SIX got it
98%
-
1%
-
1%
-
0%
which object was mentioned? ball
98%
puck
0%
club
2%
racket
0%
remember the word MINT got it
98%
-
1%
-
0%
-
1%
remember the word BALL got it
98%
-
1%
-
1%
-
0%
which animal was mentioned? elephant
97%
dog
0%
cat
1%
giraffe
2%
which colour was mentioned? red
91.9%
green
4%
blue
3%
yellow
1%
which greeting was mentioned? hello
90.9%
hi
7.1%
hey
2%
ahoy hoy
0%
which of the following was mentioned? no
88.9%
yes
11.1%
maybe
0%
perhaps
0%
which verb was mentioned? jump
84.8%
jog
2%
run
12.1%
leap
1%
which I word was mentioned? is
81.8%
it
9.1%
in
3%
if
6.1%
last one! which flavour of ice-cream was mentioned mint
81.8%
strawberry
6.1%
chocolate
5.1%
cookie dough
3%
which number was mentioned six
80.8%
four
12.1%
five
1%
seven
5.1%
which food was mentioned jam
77.8%
marmalade
1%
honey
4%
jelly
14.1%

You're not logged in!

Compare scores with friends on all Sporcle quizzes.
Join for Free
OR
Log In

You Might Also Like...

Show Comments

Extras

Created Mar 8, 2017ReportNominate
Tags:memory

Top Quizzes Today


Score Distribution

Your Account Isn't Verified!

In order to create a playlist on Sporcle, you need to verify the email address you used during registration. Go to your Sporcle Settings to finish the process.

Report this User

Report this user for behavior that violates our Community Guidelines.

Details: